Microsoft Office Excel 2003 : Podrobná uživatelská příručka

Salvato in:
Dettagli Bibliografici
Autore principale: Brož, Milan (Autore)
Natura: Libro
Lingua:ceco
Pubblicazione: Brno : Computer Press, 2004
Soggetti:
Tags: Aggiungi Tag
Nessun Tag, puoi essere il primo ad aggiungerne!!

MARC

LEADER 00000nam a22000003a 4500
001 stu96033
005 20150617225813.0
008 051012s2004----xr------------------cze-d
020 |a 80-251-0230-0 
040 |a STU  |b slo 
041 0 |a cze 
044 |a xr 
080 |a 681.3.06 
100 1 |a Brož, Milan  |4 aut 
245 1 |a Microsoft Office Excel 2003 :  |b Podrobná uživatelská příručka 
260 |a Brno :  |b Computer Press,  |c 2004 
300 |a 384 s 
650 7 |a Excel  |2 stusub 
996 |b 284J027800  |c J*104628  |l JJST  |s P  |a 0  |w stu96033_0001